| 000 | 00604nam a2200193 4500 | ||
|---|---|---|---|
| 001 | 116516 | ||
| 003 | ES-MaACL | ||
| 005 | 20250808232830.0 | ||
| 007 | t| | ||
| 008 | 061121s1947 xxk r ||||1| eng d | ||
| 100 | 1 |
_aParry, David Hughes. _989276 |
|
| 245 | 1 | 4 |
_aThe law of sucesion testate and intestaten including the las as to executor and administrators / _cby David Hughes Parry. |
| 250 | _a2nd ed. | ||
| 260 |
_aLondon : _bSweet & Maxwell, _c1947. |
||
| 300 |
_a347 p. ; _c22 cm. |
||
| 650 | 7 |
_aHerencias y sucesiones _2embne _9135883 |
|
| 852 |
_aES-MaACL _jC-4290 |
||
| 999 |
_c116516 _d116516 |
||